Análisis comparativo de la matrícula y el personal docente en la educación superior mexicana (Record no. 62349)

MARC details
000 -CABECERA
campo de control de longitud fija 00683nam a2200229 a 4500
005 - FECHA Y HORA DE LA ÚLTIMA TRANSACCIÓN
campo de control 20210219152849.0
008 - ELEMENTOS DE LONGITUD FIJA--INFORMACIÓN GENERAL
campo de control de longitud fija 991125n 000 0 spa u
035 ## - NÚMERO DE CONTROL DEL SISTEMA
Número de control de sistema UPN01000063991
100 ## - ASIENTO PRINCIPAL--NOMBRE PERSONAL
Nombre de persona ARREDONDO, Victor A.
222 ## - TÍTULO CLAVE
Título clave REVISTA DE LA EDUCACION SUPERIOR
245 ## - MENCIÓN DE TÍTULO
Título Análisis comparativo de la matrícula y el personal docente en la educación superior mexicana
300 ## - DESCRIPCIÓN FÍSICA
Extensión 5-33
362 ## - FECHAS DE PUBLICACIÓN Y/O DESIGNACIÓN SECUENCIAL
Fecha de publicación y/o designación secuencial 1985 vol. 13, no. 1(53), ene.-mar.
653 0# - TERMINO DE INDIZACION - NO CONTROLADO
Término no controlado DEMANDA EDUCATIVA
653 0# - TERMINO DE INDIZACION - NO CONTROLADO
Término no controlado DOCENTES
653 0# - TERMINO DE INDIZACION - NO CONTROLADO
Término no controlado EDUCACION SUPERIOR
653 0# - TERMINO DE INDIZACION - NO CONTROLADO
Término no controlado ESTADISTICAS EDUCATIVAS
653 0# - TERMINO DE INDIZACION - NO CONTROLADO
Término no controlado MAESTROS
653 0# - TERMINO DE INDIZACION - NO CONTROLADO
Término no controlado MATRICULA ESCOLAR
904 ## - ELEMENTOS DE DATOS D LOCAL, LDD (RLIN)
a AC
b 001802
905 ## - TIPO DE MATERIAL
Tipo de material Articulo

No items available.